| 000 | 00790nam a2200193 a 4500 | ||
|---|---|---|---|
| 003 | 0 | ||
| 005 | 20250527151907.0 | ||
| 008 | 021119s19uu xx 00 eng d | ||
| 050 |
_aPHS HQ 799.2.L53 _b.C63 2002 |
||
| 100 | _aCo, Shunjin Dale D. | ||
| 245 |
_aA Comparative study on the perceptions of conservative and liberated parents on romantic relationships at an early age / _cShujin Dale D. Co. |
||
| 260 |
_aLas PiƱas City, Philippines : _bSouthville International School and Colleges, _c2002. |
||
| 300 |
_a41 pages : _billustrations ; _c28 cm. |
||
| 504 | _aIncludes bibliographical references. | ||
| 650 |
_aDating (Social customs) _zPhilippines. |
||
| 650 |
_aParental attitudes _zPhilippines. |
||
| 650 |
_aAdolescents _zPhilippines _xSocial life and customs. |
||
| 942 |
_2lcc _cPASS |
||
| 999 |
_c96692 _d96692 |
||